Tradiční a moderní způsoby pěstování žampiónů /

Uložené v:
Podrobná bibliografia
Hlavný autor: Staněk, Miloslav, 1924-1987 (Author)
Médium: Kniha
Jazyk:Czech
Vydané: Praha : Ústav vědeckotechnických informací min. zeměd., lesního a vodního hospodářství, 1965.
Vydanie:1. vyd.
Edícia:Metodiky pro zavádění výsledků výzkumu do praxe 5/65
ISBN: (brož.)
Fyzický popis: 24 s.
Tagy: Pridať tag
Žiadne tagy, Buďte prvý kto otaguje tento záznam!

MARC

LEADER 00000nam a2200000 a 4500
001 000166708
005 20100613140823.0
008 040101s1965 xr e czeod
020 |a (brož.) 
040 |a SVKKK  |b slo  |c SVKKK  |e AACR2 
041 0 |a cze 
044 |a xr  |c CZ 
245 0 0 |a Tradiční a moderní způsoby pěstování žampiónů /  |c Miloslav Staněk. 
250 |a 1. vyd. 
260 |a Praha :  |b Ústav vědeckotechnických informací min. zeměd., lesního a vodního hospodářství,  |c 1965. 
300 |a 24 s. 
490 1 |a Metodiky pro zavádění výsledků výzkumu do praxe  |v 5/65 
500 |a S obr. a fot. v texte  |a Prehľad lit. 
700 1 |a Staněk, Miloslav,  |d 1924-1987  |4 aut 
830 0 |a Metodiky pro zavádění výsledků výzkumu do praxe  |v 5/65 
910 |a svkkk 
998 |a BK 
090 |g SCKHL  |k Sklad Pribinova 2. posch.  |a II.155797  |j 384799  |i 166708-10  |s Absenčne